000 00499nam a2200169Ia 4500
008 230917s9999||||xx |||||||||||||| ||und||
020 _cRS1295
040 _e235903
_aMAIN
041 _aEnglish
082 _a327.51 K837C
100 _aKondapalli, Srikanth, ed.
245 0 _aChina and the brics: Setting up a different kitchen
260 _aNew Delhi
_bPentagon Press
_c2017
300 _axix, 303 p.
500 _a2464 23/11/2016 APD16/1043772 28/11/2016 Main Budget Periodicals
942 _cBK
999 _c19857
_d19857